Sistema web de gestión de inventario y registro de actividades en autolavado baño espuma.

La presente monografía tiene como objetivo desarrollar un sistema web para la gestión de inventarios y registro de actividades para un autolavado. Para lograrlo, se hace uso de tecnologías web como HTML, CSS, JavaScript, JQuery, Python, Django y MySQL, así como la metodología ágil Scrum.

Bibliographic Details
Main Authors: Gutiérrez Rojas, Manuel Abraham, Mota López, Jeanneth del Socorro, Medina Lacayo, Darwing Javier.
Other Authors: Tutor: Flores quintana, Gloria Talía
Format: Tesis Section = Libro
Language:Undetermined
Spanish
Published: Managua UNI 2023
Subjects:
LEADER 01133nam a2200265Ia 4500
008 240830s9999 xx 000 0 und d
040 |a BIBLIOTECA-RUSB/ Mon. 005.1 G984 
041 |a spa 
082 |a Mon. 005.1 G984 
100 1 |a Gutiérrez Rojas, Manuel Abraham 
100 1 |b  Mota López, Jeanneth del Socorro 
100 1 |c  Medina Lacayo, Darwing Javier. 
245 1 0 |a Sistema web de gestión de inventario y registro de actividades en autolavado baño espuma. 
260 |a Managua   |b UNI  |c 2023 
300 |a 146 p.: il. 
500 |a Contiene: anexos y CD. 
502 |a Tesis (Computación) - UNI, 2023. 
520 3 |a La presente monografía tiene como objetivo desarrollar un sistema web para la gestión de inventarios y registro de actividades para un autolavado. Para lograrlo, se hace uso de tecnologías web como HTML, CSS, JavaScript, JQuery, Python, Django y MySQL, así como la metodología ágil Scrum. 
650 7 |a SISTEMA WEB 
650 7 |b  SISTEMA AUTOMATIZADO 
650 7 |c  BASES DE DATOS 
700 1 |a Tutor:  |b Flores quintana, Gloria Talía 
942 |c BK  |2 ddc 
991 |a TESIS 
999 |c 27829